000 00907nam a2200289 a 4500
008
020 _a013123613X (cased)
049 _aMAIN
090 _aQA276
_bMIL
100 1 _aFreund, John E.
240 _aMathematical statistics.
245 1 0 _aJohn E. Freund's mathematical statistics/
_cJohn E. Freund.
246 3 0 _aMathematical statistics
250 _a6th ed. /
_bIrwin Miller, Marylees Miller.
260 _aUpper Saddle River, N.J. :
_bPrentice Hall ,
_cc1999.
300 _axii, 624 p. :
_bill. ;
_c24 cm.
500 _aRev. ed. of: Mathematical statistics. 5th ed. c1992.
500 _aIncludes index.
650 0 _aMathematical statistics.
700 1 _aMiller, Irwin.
700 1 _aMiller, Marylees.
907 _a.b10030074
_b20-04-12
_c17-04-03
003
005 20230123133443.0
040 _cNUST
942 _cBOOKS
_kQA276
_mMIL
999 _c148851
_d148851